Sports Quiz

Random Sports or NFL Quiz

NFL Commissioner Picture Click Quiz Stats

 Plays Quiz Updated Dec 19, 2019

Support Sporcle.
Go Orange.
Score 0/6 Timer 02:00
0 Plays Today
% Correct
Roger Goodell 2006-present
98.1%
Paul Tagliabue 1989-2006
91%
Austin Gunsel 1959-1960
88.2%
Pete Rozelle 1960-1989
83.1%
Bert Bell 1946-1959
68.1%
Elmer Layden 1941-1946
50.4%

You're not logged in!

Compare scores with friends on all Sporcle quizzes.
OR
Log In

From the Vault

US Populous Latitudes

by pitchorneirda

We all know Alaska's not making the cut for being populous, so it's not even included!
Remove Ads.
Support Sporcle.
Get the best of Sporcle when you Go Orange. This ad-free experience offers more features, more stats, and more fun while also helping to support Sporcle. Thank you for becoming a member.

Show Comments

Extras

Top Quizzes Today


Score Distribution

Your Account Isn't Verified!

In order to create a playlist on Sporcle, you need to verify the email address you used during registration. Go to your Sporcle Settings to finish the process.

Report this User

Report this user for behavior that violates our Community Guidelines.

Details: